| 000 | 00909nam a2200265 i 4500 | ||
|---|---|---|---|
| 001 | bg | ||
| 100 | 1 | _aCZEKIERDA, Krzysztof. | |
| 245 | 1 | 0 |
_aSłownik ochrony środowiska i ochrony przyrody polsko-angielski / _cKrzysztof Czekierda. |
| 246 | 1 | 1 | _aDictionary of environmental protection and nature conservation Polish-English |
| 260 |
_aBiałystok : _b"Ekonomia i Środowisko", _c1996. |
||
| 300 |
_a679 s. ; _c21 cm. |
||
| 500 | _aTyt. równol. : Dictionary of environmental protection and nature conservation Polish-English. | ||
| 504 | _aBibliogr. s. 14-15. | ||
| 650 | 9 |
_aPrzyroda _xochrona |
|
| 650 | 9 | _aSłownik polsko-angielski | |
| 650 | 9 |
_aŚrodowisko człowieka _xochrona |
|
| 655 | _aSłowniki | ||
| 020 | _a838579235X | ||
| 040 | _cBPK | ||
| 041 | 0 |
_aeng _apol |
|
| 080 | _a504(038)=162.1=111 | ||
| 920 | _a83-85792-35-X | ||
| 942 | _cKS | ||
| 008 | s pl f |000 0 pol | ||
| 999 |
_c34415 _d34415 |
||
| 856 |
_uhttp://koha.tu.koszalin.pl/cgi-bin/koha/opac-detail.pl?biblionumber=34415 _yKatalog online BPK |
||